000
00253nam a2200097Ia 4500
008
240331s9999 xx 000 0 und d
082
_b
RAM
100
_a
Ramasamy, T
245
0
_a
Panpaddu varalattu aaivukku nattupuraviyal aaivalanin pankalippu
942
_c
L
999
_c
3644
_d
3644